ბათუმის შოთა რუსთაველის სახელმწიფო უნივერსიტეტის ბიბლიოთეკა

ოსმალეთის ისტორია (1600-1923) : (ბიბ.ჩანაწერი № 56524)

000 -ლიდერი
ფიქსირებული სიგრძის საკონტროლო ველი 01498nam a2200253Ia 4500
001 - საკონტროლო ნომერი
საკონტროლო ველი 23638
003 - საკონტროლო ნომრის იდენტიფიკატორი
საკონტროლო ველი GE_BSU
005 - ბოლო ოპერაციის თარიღი და დრო
საკონტროლო ველი 20210121131436.0
008 - ფიქსირებული სიგრძის მონაცემთა ელემენტები - ზოგადი ინფორმაცია
ფიქსირებული სიგრძის საკონტროლო ველი 181216s2002||||ge |||||||||||||| ||geo||
020 ## - წიგნის საერთაშორისო სტანდარტული ნომერი
International Standard Book Number 9992893524
040 ## - კატალოგიზაციის წყარო
Transcribing agency GE_BSU
041 ## - ენის კოდი
Language code of text/sound track or separate title geo
080 ## - უნივერსალური ათობითი კლასიფიკაციის ინდექსი
Universal Decimal Classification number 94(560) ს-45
100 ## - მთავარი ჩანაწერი - პიროვნების სახელი
Personal name სვანიძე, მიხეილ
9 (RLIN) 5829
245 ## - ცნობა სათაურის შესახებ
Title ოსმალეთის ისტორია (1600-1923) :
Remainder of title ტ. 2 /
Statement of responsibility, etc რედ. გ. ბერაძე. საქ. მეცნ. აკად., აღმოსავლეთმცოდნ. ინ-ტი, აღმ.-დას. ურთ. კვლევის საერთ. ცენტრი, თბილისის აზიისა და აფრიკის ინ-ტი.
264 ## - წარმოების, გამოცემის, დისტრიბუციის და სხვა ცნობები
გამოცემის, წარმოების, დისტრიბუციის... ადგილი თბილისი :
გამოცემის, წარმოების, დისტრიბუციის... სახელწოდება ქრონოგრაფი,
გამოცემის, წარმოების, დისტრიბუციის... თარიღი 2002.
300 ## - ფიზიკური აღწერა
Extent 356 გვ.:
Other physical details ილ.,
Dimensions 20 სმ.
300 ## - ფიზიკური აღწერა
Accompanying material ბიბლიოგრ. გვ. 340-351
653 ## - INDEX TERM--UNCONTROLLED
Uncontrolled term თურქეთის ისტორია
653 ## - INDEX TERM--UNCONTROLLED
Uncontrolled term ოსმალეთის ისტორია. ტ. 2 : (1600-1923)
700 ## - ADDED ENTRY--PERSONAL NAME
Personal name ბერაძე, გ.
Relator term რედაქტორი
9 (RLIN) 10073
710 ## - ADDED ENTRY--CORPORATE NAME
Corporate name or jurisdiction name as entry element საქ. მეცნ. აკად., აღმოსავლეთმცოდნ. ინ-ტი
Subordinate unit აღმ.-დას. ურთ. კვლევის საერთ. ცენტრი, თბილისის აზიისა და აფრიკის ინ-ტი.
9 (RLIN) 10074
942 ## - ADDED ENTRY ELEMENTS (KOHA)
Koha item type წიგნი
Source of classification or shelving scheme
ეგზემპლარები
ჩამოწერის სტატუსი დაკარგული ეგზემპლარის სტატუსი კლასიფიკაციის წყარო ან თაროზე გაწყობის სქემა დაზიანების სტატუსი არ გაიცემა მუდმივი მდებარეობა (დაცვის ადგილი) ამჟამინდელი ადგილსამყოფელი თაროზე განთავსების ადგილი შეძენის თარიღი ღირებულება, შესყიდვის ნორმალური ფასი სრული შენახვის შიფრი შტრიხკოდი ბოლო ოპერაციის თარიღი ფასის ძალაში შესვლის თარიღი ეგზემპლარის სახეობა საჯარო შენიშვნა
          ბათუმის შოთა რუსთაველის სახელმწიფო უნივერსიტეტის მთავარი ბიბლიოთეკა ბათუმის შოთა რუსთაველის სახელმწიფო უნივერსიტეტის მთავარი ბიბლიოთეკა წიგნსაცავი 2018-12-17 6.00 94(560) ს-45 28454 2018-12-17 2018-12-17 წიგნი 6 ლ.